000 00810 aa a2200229 4500
005 20120210124841.0
010 _a
020 _a8171822592
_c150.00
035 _aB-111477
037 _b
082 _a181.499
100 _aरजनीश
_941508
245 _aसत्य और साहस /
_cरजनीश
_b
246 _a
260 _aनई दिल्ली
_bडायमंड पॉकेट बुक्स
_c2004
270 _a
_b
_e
300 _a363पृ.
_c22सेमी (सजिल्द)
500 _a
650 _aप्रवचन
_941509
942 _adpl
_cHN
_2ddc
_h181.499
_m रजनी
999 _c62498
_d62498